Life Love And Lift: (Record no. 195928)

MARC details
000 -LEADER
fixed length control field 00576nam a2200181 4500
005 - DATE AND TIME OF LATEST TRANSACTION
control field 20230510161019.0
010 ## - LCCN (DPL NO)
LC control number ENG-136832
020 ## - INTERNATIONAL STANDARD BOOK NUMBER
International Standard Book Number 9788183249485
Terms of availability 600.00
035 ## - SYSTEM CONTROL NUMBER
System control number EN-120364
037 ## - SOURCE OF ACQUISITION
Source of stock number/acquisition DBAD/PUB
082 ## - DEWEY DECIMAL CLASSIFICATION NUMBER
Classification number 294.544
100 ## - MAIN ENTRY--PERSONAL NAME
Personal name Patra, Debesh C
245 ## - TITLE STATEMENT
Title Life Love And Lift:
Remainder of title The Anukul Way/
Statement of responsibility, etc By Debesh C Patra
260 ## - PUBLICATION, DISTRIBUTION, ETC. (IMPRINT)
Place of publication, distribution, etc New Delhi
Name of publisher, distributor, etc Mittal Publications
Date of publication, distribution, etc 2020
270 ## - ADDRESS
Address 4594/9, Daryaganj
City New Delhi
Postal code 110002
Electronic mail address info@mittalbooks.com
Telephone number 23250398
Fax number 91-11-41564398
300 ## - PHYSICAL DESCRIPTION
Extent 168p
Dimensions 22cm(hbk)
942 ## - ADDED ENTRY ELEMENTS (KOHA)
Source of classification or shelving scheme Dewey Decimal Classification
Item type English Books
Call number suffix PAT
Classification part 294.544
Holdings
Withdrawn status Lost status Not for loan Collection code Home library Current library Date acquired Source of acquisition Cost, normal purchase price Full call number Barcode Copy number Cost, replacement price Koha item type
      Non-fiction Shahdara Branch Shahdara Branch 10/05/2023 DBAB/PUB 600.00 294.544 PAT EN-120364 1 600.00 English Books

© Delhi Public Library
Hit Counter
free hit counter